[Event "Troya op 26th"]
[Site "Canakkale"]
[Date "2018.08.09"]
[Round "6"]
[White "Olcum, Ahmet"]
[Black "Onem, Uzay Altay"]
[Result "1-0"]
[WhiteElo "2274"]
[BlackElo "1927"]
[PlyCount "65"]
[EventDate "2018.08.06"]
[EventType "swiss"]
[EventRounds "9"]
[EventCountry "TUR"]
[SourceTitle "CBM 185 Extra"]
[Source "ChessBase"]
[SourceDate "2018.07.29"]
[SourceVersion "1"]
[SourceVersionDate "2018.07.29"]
[SourceQuality "1"]

1. d4 c5 2. c3 e6 3. Nf3 b6 4. Bf4 Bb7 5. Nbd2 Nf6 6. e3 Be7 7. Bd3 0-0 8. h3 Nc6 9. 0-0 d6 10. Qe2 Qc7 11. Bh2 Rfe8 12. e4 e5 13. d5 Nb8 14. a4 a6 15. Ne1 Nbd7 16. Nc2 Bf8 17. Ne3 g6 18. f4 exf4 19. Bxf4 Nh5 20. Bh2 Ne5 21. Rf2 Bg7 22. Raf1 Qd8 23. Ndc4 b5 24. Nxe5 Bxe5 25. Rxf7 Bxh2+ 26. Kxh2 Re7 27. Ng4 Rxf7 28. Nh6+ Kg7 29. Rxf7+ Kxh6 30. Qe3+ g5 31. e5 Qh8 32. Rxb7 Ng7 33. h4 1-0

[Event "Troya op 26th"]
[Site "Canakkale"]
[Date "2018.08.08"]
[Round "5"]
[White "Onem, Uzay Altay"]
[Black "Aliyev, Elnur Fakhraddin Og"]
[Result "1/2-1/2"]
[WhiteElo "1927"]
[BlackElo "2190"]
[PlyCount "210"]
[EventDate "2018.08.06"]
[EventType "swiss"]
[EventRounds "9"]
[EventCountry "TUR"]
[SourceTitle "CBM 185 Extra"]
[Source "ChessBase"]
[SourceDate "2018.07.29"]
[SourceVersion "1"]
[SourceVersionDate "2018.07.29"]
[SourceQuality "1"]

1. d4 Nf6 2. c4 g6 3. Nc3 Bg7 4. e4 0-0 5. Nf3 c5 6. Be2 cxd4 7. Nxd4 Nc6 8. Be3 b6 9. 0-0 Bb7 10. f3 e6 11. Ndb5 d5 12. cxd5 exd5 13. exd5 Nb4 14. d6 Nfd5 15. Nxd5 Nxd5 16. Bd4 Qg5 17. g3 Bxd4+ 18. Qxd4 Rfe8 19. Bd3 Rad8 20. Rae1 Qd2 21. Rxe8+ Rxe8 22. Be4 Qxd4+ 23. Nxd4 f5 24. Bxd5+ Bxd5 25. Rd1 Rd8 26. Nxf5 Bxf3 27. Ne7+ Kg7 28. Rd3 Bb7 29. d7 Kf6 30. Nd5+ Ke5 31. Nb4 a5 32. Nc2 Bd5 33. a3 Rxd7 34. Kf2 Rf7+ 35. Ke1 Bc4 36. Rc3 Rf1+ 37. Kd2 Bb5 38. h4 Rf2+ 39. Ke3 Re2+ 40. Kf3 Rh2 41. Re3+ Kd6 42. Rc3 Bc6+ 43. Kf4 Bd5 44. b4 a4 45. Ne3 Bb3 46. Nc4+ Bxc4 47. Rxc4 Rf2+ 48. Ke3 Rg2 49. Rd4+ Kc6 50. Kf4 Ra2 51. Rd3 Rb2 52. Ke4 Kb5 53. Rc3 Re2+ 54. Kd4 Re1 55. Kd5 Rb1 56. Kd4 h6 57. Kd3 Rb2 58. Kd4 g5 59. hxg5 hxg5 60. Kd3 g4 61. Kd4 Rd2+ 62. Ke4 Rf2 63. Ke3 Rf6 64. Ke4 Ka6 65. Kd4 Kb7 66. Ke4 Rf2 67. Ke3 Rf3+ 68. Kd4 Rf1 69. Ke4 Rb1 70. Kd4 Re1 71. Kd5 Ka6 72. Kd4 Kb5 73. Kd5 Rd1+ 74. Ke4 Rb1 75. Kd4 Rb3 76. Kd3 Rb2 77. Kd4 Rd2+ 78. Ke4 Rd6 79. Ke5 Rd8 80. Ke4 Rh8 81. Kd4 Rf8 82. Ke4 Rf7 83. Ke3 Rd7 84. Ke4 Ka6 85. Ke3 b5 86. Ke4 Kb6 87. Ke5 Rd2 88. Ke4 Rb2 89. Kd4 Rf2 90. Ke4 Rf1 91. Ke3 Rf3+ 92. Kd4 Rf8 93. Ke4 Rd8 94. Ke5 Rd7 95. Ke4 Rf7 96. Ke3 Rf3+ 97. Kd4 Rxc3 98. Kxc3 Kc6 99. Kd4 Kd6 100. Ke4 Ke6 101. Kd4 Kd6 102. Ke4 Ke6 103. Kd4 Kd6 104. Ke4 Ke6 105. Kd4 Kd6 1/2-1/2

[Event "Istanbul op"]
[Site "Istanbul"]
[Date "2017.09.16"]
[Round "8"]
[White "Tastan, Hakan Mete"]
[Black "Onem, Uzay Altay"]
[Result "0-1"]
[WhiteElo "1958"]
[BlackElo "1886"]
[PlyCount "98"]
[EventDate "2017.09.11"]
[EventType "swiss"]
[EventRounds "9"]
[EventCountry "TUR"]
[SourceTitle "CBM 180 Extra"]
[Source "ChessBase"]
[SourceDate "2017.10.06"]
[SourceVersion "1"]
[SourceVersionDate "2017.10.06"]
[SourceQuality "1"]

1. c4 Nf6 2. Nc3 c5 3. Nf3 Nc6 4. g3 b6 5. Bg2 Bb7 6. 0-0 e6 7. d4 cxd4 8. Nxd4 a6 9. Nc2 Be7 10. Bf4 0-0 11. Qd2 Qc8 12. Na4 Bd8 13. Bd6 Re8 14. Rac1 Ne7 15. Bxb7 Qxb7 16. Nc3 Nc8 17. Ba3 Be7 18. Qd3 Bxa3 19. Nxa3 Ne7 20. e4 d5 21. e5 Nd7 22. f4 Nc5 23. Qf3 Rad8 24. Rfd1 Qd7 25. cxd5 exd5 26. Nc4 d4 27. Nxb6 Qe6 28. f5 Qxb6 29. f6 dxc3 30. Rxd8 Qxd8 31. fxe7 cxb2 32. exd8Q bxc1Q+ 33. Qdd1 Qb2 34. Qdd5 Ne6 35. Qb7 Qc1+ 36. Kg2 Rf8 37. Qxa6 Rd8 38. Qaf1 Qc7 39. Qe3 h6 40. h4 Ra8 41. Qff2 Ra5 42. Qb2 Rc5 43. Kh3 Rc2 44. Qbb3 Qc8 45. g4 Qc6 46. Qf3 Nf4+ 47. Kg3 Ne2+ 48. Kf2 Nd4+ 49. Kg3 Qxf3+ 0-1

[Event "Istanbul op"]
[Site "Istanbul"]
[Date "2017.09.12"]
[Round "3"]
[White "Onem, Uzay Altay"]
[Black "Grigoriev, A."]
[Result "0-1"]
[WhiteElo "1886"]
[BlackElo "2143"]
[PlyCount "117"]
[EventDate "2017.09.11"]
[EventType "swiss"]
[EventRounds "9"]
[EventCountry "TUR"]
[SourceTitle "CBM 180 Extra"]
[Source "ChessBase"]
[SourceDate "2017.10.06"]
[SourceVersion "1"]
[SourceVersionDate "2017.10.06"]
[SourceQuality "1"]

1. d4 d5 2. c4 Bf5 3. Nc3 e6 4. Nf3 Nf6 5. Bg5 c6 6. e3 Nbd7 7. Be2 Be7 8. 0-0 0-0 9. h3 h6 10. Bf4 dxc4 11. Bxc4 Nd5 12. Bg3 Qb6 13. Qe2 Bg6 14. e4 Nxc3 15. bxc3 Qa5 16. Rfc1 b5 17. Bd3 Ba3 18. Rc2 Rfd8 19. Nd2 Nb6 20. f4 Bh7 21. Bf2 Na4 22. Nb3 Qc7 23. g3 Nb6 24. Kh2 Rac8 25. c4 bxc4 26. Bxc4 Nxc4 27. Rxc4 Bg6 28. Rd1 Qb8 29. Qc2 Qb5 30. Nd2 Bd6 31. Rb1 Qa5 32. Nb3 Qc7 33. Nc5 Bxc5 34. Rxc5 Qd7 35. a4 f6 36. a5 Be8 37. a6 Rb8 38. Rxb8 Rxb8 39. d5 exd5 40. exd5 cxd5 41. Rc7 Qe6 42. Rxa7 Rc8 43. Qd3 Bc6 44. Qe3 Qxe3 45. Bxe3 Bb5 46. Kg1 Kh7 47. g4 Rc6 48. Rd7 Rxa6 49. Rxd5 Bc6 50. Rd1 Bf3 51. Rf1 Be2 52. Re1 Ra2 53. Bf2 h5 54. gxh5 Kh6 55. Kg2 Kxh5 56. Rc1 Kg6 57. Rc5 Ra3 58. Rc7 Bf3+ 59. Kh2 0-1

[Event "Kesan op 15th"]
[Site "Kesan"]
[Date "2017.08.17"]
[Round "8"]
[White "Onem, Uzay Altay"]
[Black "Annaberdiyev, Babageldi"]
[Result "0-1"]
[WhiteElo "1880"]
[BlackElo "2223"]
[PlyCount "108"]
[EventDate "2017.08.13"]
[EventType "swiss"]
[EventRounds "9"]
[EventCountry "TUR"]
[SourceTitle "CBM 180 Extra"]
[Source "ChessBase"]
[SourceDate "2017.10.06"]
[SourceVersion "1"]
[SourceVersionDate "2017.10.06"]
[SourceQuality "1"]

1. d4 c5 2. d5 e5 3. e4 d6 4. c4 Be7 5. Nc3 a6 6. g3 Bg5 7. Bxg5 Qxg5 8. h4 Qe7 9. Bh3 Nd7 10. Qd3 Ngf6 11. Nge2 Rb8 12. a4 0-0 13. Kf1 Re8 14. Kg2 b6 15. f3 Nf8 16. Bxc8 Rexc8 17. f4 exf4 18. gxf4 h5 19. Ng3 g6 20. Rae1 Ng4 21. e5 dxe5 22. f5 Qf6 23. Nce4 Qg7 24. Ref1 Nd7 25. Qf3 b5 26. f6 Qh6 27. axb5 axb5 28. Nd6 Rf8 29. Nxb5 Ndxf6 30. Kh3 e4 31. Nxe4 Nxe4 32. Qxe4 Rbe8 33. Qf4 Re3+ 34. Kg2 Qg7 35. Nc3 Rfe8 36. Rh3 R3e5 37. Rhf3 Ne3+ 38. Rxe3 Rxe3 39. d6 Rd3 40. Ne4 f5 41. Nxc5 Rd4 42. d7 Re2+ 43. Rf2 Rxf2+ 44. Qxf2 Qe5 45. Qf3 Qxc5 46. Qa8+ Qf8 47. Qe8 Kg7 48. c5 Rd2+ 49. Kh3 Rd3+ 50. Kg2 Qf6 51. Kf1 f4 52. c6 Rd1+ 53. Ke2 Qd6 54. Qe4 Qd2+ 0-1

[Event "TUR Cup"]
[Site "Antalya"]
[Date "2017.02.04"]
[Round "11"]
[White "Bulgurlu, Okan"]
[Black "Onem, Uzay Altay"]
[Result "1/2-1/2"]
[WhiteElo "2023"]
[BlackElo "1854"]
[PlyCount "145"]
[EventDate "2017.01.28"]
[EventType "swiss"]
[EventRounds "11"]
[EventCountry "TUR"]
[SourceTitle "CBM 176 Extra"]
[Source "ChessBase"]
[SourceDate "2017.03.02"]
[SourceVersion "1"]
[SourceVersionDate "2017.03.02"]
[SourceQuality "1"]

1. e4 e5 2. Nf3 Nc6 3. Bb5 a6 4. Ba4 Nf6 5. d4 exd4 6. e5 Ne4 7. 0-0 Nc5 8. Bxc6 dxc6 9. Nxd4 Ne6 10. Nf5 Qxd1 11. Rxd1 Bd7 12. Be3 0-0-0 13. Nd2 c5 14. Ne4 h6 15. c4 g6 16. Nfg3 Bg7 17. f4 b6 18. Rd3 Bc6 19. Rad1 Rxd3 20. Rxd3 Rd8 21. Rxd8+ Kxd8 22. h4 h5 23. Kf2 Nf8 24. Bd2 Nd7 25. Bc3 Ke7 26. Kf1 a5 27. Ng5 Bb7 28. Nxf7 Kxf7 29. e6+ Kxe6 30. Bxg7 Ba6 31. b3 b5 32. cxb5 Bxb5+ 33. Ke1 c4 34. Bc3 cxb3 35. axb3 a4 36. bxa4 Bxa4 37. f5+ Kf7 38. Kf2 Bc2 39. fxg6+ Kxg6 40. Ke3 Nc5 41. Kd4 Ne6+ 42. Ke5 Ng7 43. Ne2 Bd1 44. Nf4+ Kf7 45. Bb4 Bg4 46. g3 Ne6 47. Nd3 Be2 48. Nf2 c5 49. Bc3 Ng7 50. Ne4 c4 51. Ng5+ Kg6 52. Nh3 Bg4 53. Nf4+ Kf7 54. Be1 Ne6 55. Nd5 Nc5 56. Kd4 Nd7 57. Nf4 Kf6 58. Kxc4 Ne5+ 59. Kd5 Bf3+ 60. Kd4 Bg4 61. Ke4 Ng6 62. Bc3+ Kf7 63. Nd5 Ne7 64. Nf6 Bd1 65. Kf4 Kg6 66. Bb2 Nf5 67. Nd7 Nd6 68. Ne5+ Kf6 69. Nc4+ Ke6 70. Ne3 Be2 71. Nc2 Bd1 72. Nd4+ Kd5 73. Nf3 1/2-1/2

[Event "TUR Cup"]
[Site "Antalya"]
[Date "2017.01.29"]
[Round "2"]
[White "Onem, Uzay Altay"]
[Black "Donmez, Yusuf"]
[Result "1/2-1/2"]
[WhiteElo "1854"]
[BlackElo "2039"]
[PlyCount "46"]
[EventDate "2017.01.28"]
[EventType "swiss"]
[EventRounds "11"]
[EventCountry "TUR"]
[SourceTitle "CBM 176 Extra"]
[Source "ChessBase"]
[SourceDate "2017.03.02"]
[SourceVersion "1"]
[SourceVersionDate "2017.03.02"]
[SourceQuality "1"]

1. d4 Nf6 2. c4 g6 3. Nc3 d6 4. e4 Bg7 5. Nf3 0-0 6. Be2 e5 7. 0-0 Nc6 8. d5 Ne7 9. Ne1 Ne8 10. f3 f5 11. g4 Kh8 12. Ng2 f4 13. h4 h5 14. g5 Qd7 15. Kf2 Qh3 16. Rh1 Qg3+ 17. Kg1 Bh3 18. Bf1 Bg4 19. Be2 c5 20. Bd2 Bh3 21. Bf1 Bg4 22. Be2 Bh3 23. Bf1 Bg4 1/2-1/2

[Event "TUR Cup"]
[Site "Antalya"]
[Date "2017.01.28"]
[Round "1"]
[White "Gobut, Huseyin"]
[Black "Onem, Uzay Altay"]
[Result "0-1"]
[WhiteElo "1154"]
[BlackElo "1854"]
[PlyCount "36"]
[EventDate "2017.01.28"]
[EventType "swiss"]
[EventRounds "11"]
[EventCountry "TUR"]
[SourceTitle "CBM 176 Extra"]
[Source "ChessBase"]
[SourceDate "2017.03.02"]
[SourceVersion "1"]
[SourceVersionDate "2017.03.02"]
[SourceQuality "1"]

1. e4 d5 2. exd5 Qxd5 3. Nc3 Qa5 4. Nf3 Nf6 5. Bc4 Bg4 6. 0-0 e6 7. d4 c6 8. Qd3 Nbd7 9. Bb3 Bd6 10. h3 Bf5 11. Qe2 h6 12. Bd2 Qc7 13. Nd1 0-0-0 14. Ne3 Bh7 15. c4 c5 16. d5 e5 17. Bc2 g6 18. a3 a5 0-1